[Event "Rio de Janeiro op 3rd"]
[Site "Rio de Janeiro"]
[Date "2024.04.23"]
[Round "3"]
[White "Figueiredo, Tiago Barbosa"]
[Black "Machado, Wallace Fernandes"]
[Result "0-1"]
[WhiteElo "1800"]
[BlackElo "1767"]
[PlyCount "48"]
[EventDate "2024.04.22"]
[EventType "swiss"]
[EventRounds "9"]
[EventCountry "BRA"]
[SourceTitle "CBM 219 Extra"]
[Source "ChessBase"]
[SourceDate "2024.05.31"]
[SourceVersion "1"]
[SourceVersionDate "2024.05.31"]
[SourceQuality "1"]

1. e4 c5 2. Nf3 d6 3. Bc4 Nc6 4. 0-0 Nf6 5. d3 g6 6. Nbd2 Bg7 7. c3 0-0 8. Bb3 Qc7 9. Re1 b5 10. d4 cxd4 11. cxd4 Na5 12. Bc2 Bd7 13. b3 Rac8 14. Bd3 a6 15. Bb2 Qb7 16. Qe2 Nh5 17. Qe3 Nc6 18. Rac1 Nb4 19. Bb1 Rfd8 20. e5 dxe5 21. dxe5 Nd5 22. Qd4 Bc6 23. g3 Bh6 24. Rcd1 Ne3 0-1

[Event "Rio de Janeiro op 3rd"]
[Site "Rio de Janeiro"]
[Date "2024.04.23"]
[Round "2"]
[White "Machado, Wallace Fernandes"]
[Black "Pinto, Miguel Araujo Alves"]
[Result "0-1"]
[WhiteElo "1767"]
[BlackElo "1806"]
[PlyCount "110"]
[EventDate "2024.04.22"]
[EventType "swiss"]
[EventRounds "9"]
[EventCountry "BRA"]
[SourceTitle "CBM 219 Extra"]
[Source "ChessBase"]
[SourceDate "2024.05.31"]
[SourceVersion "1"]
[SourceVersionDate "2024.05.31"]
[SourceQuality "1"]

1. e4 c5 2. Nf3 g6 3. d4 cxd4 4. Qxd4 Nf6 5. Bc4 Nc6 6. Qd3 Bg7 7. 0-0 d6 8. Rd1 0-0 9. h3 b6 10. a3 Bb7 11. Nc3 Nd7 12. Bf4 Nc5 13. Qe2 Qc7 14. Qe3 Nd7 15. Ba2 Nde5 16. Bg3 Nxf3+ 17. Qxf3 Ne5 18. Qe2 Rac8 19. Bd5 Bc6 20. f4 Nd7 21. Be1 e6 22. Bxc6 Qxc6 23. Qf3 Nc5 24. b4 Bxc3 25. Qxc3 Nxe4 26. Qxc6 Rxc6 27. Rd4 d5 28. Rc1 Nc3 29. Rd2 Rfc8 30. Kh2 Nb5 31. a4 Na3 32. c3 Rxc3 33. Ra1 Nc2 34. Rad1 Nxe1 35. Rxe1 Rb3 36. Rd4 Ra3 37. b5 Rc4 38. Red1 Raxa4 39. Rxc4 Rxc4 40. Ra1 Rxf4 41. Rxa7 Rb4 42. Kg1 Rxb5 43. Ra2 Rb1+ 44. Kf2 Kg7 45. g4 Kf6 46. Kf3 b5 47. h4 b4 48. g5+ Ke5 49. Re2+ Kd6 50. Rh2 Rb3+ 51. Kg4 Rb1 52. h5 b3 53. hxg6 hxg6 54. Rf2 b2 55. Kg3 e5 0-1

[Event "Rio de Janeiro Estadual-ch"]
[Site "Rio de Janeiro"]
[Date "2023.10.15"]
[Round "5"]
[White "Motta, Vinicius Araujo Dia"]
[Black "Machado, Wallace Fernandes"]
[Result "1-0"]
[WhiteElo "1569"]
[BlackElo "1648"]
[PlyCount "47"]
[EventDate "2023.10.12"]
[EventType "swiss"]
[EventRounds "6"]
[EventCountry "BRA"]
[SourceTitle "EXT 2025"]
[Source "ChessBase"]
[SourceDate "2024.10.14"]
[SourceVersion "1"]
[SourceVersionDate "2024.10.14"]
[SourceQuality "1"]

1. e4 c5 2. d4 cxd4 3. c3 d6 4. Nf3 g6 5. Bc4 e6 6. 0-0 Bg7 7. Qe2 dxc3 8. Nxc3 a6 9. Rd1 b5 10. Bb3 Ra7 11. Be3 Rd7 12. Ng5 Qe7 13. Rac1 Bb7 14. a4 h6 15. Nf3 b4 16. Na2 a5 17. e5 d5 18. Bc5 Qd8 19. Qb5 Ne7 20. Bb6 Ba6 21. Bxd8 Bxb5 22. Bxe7 Be2 23. Rd2 Bxf3 24. Bd6 1-0

[Event "Rio de Janeiro Estadual-ch"]
[Site "Rio de Janeiro"]
[Date "2023.10.12"]
[Round "1"]
[White "De Albuquerque, Ian Telek C"]
[Black "Machado, Wallace Fernandes"]
[Result "1-0"]
[WhiteElo "2075"]
[BlackElo "1648"]
[PlyCount "44"]
[EventDate "2023.10.12"]
[EventType "swiss"]
[EventRounds "6"]
[EventCountry "BRA"]
[SourceTitle "EXT 2025"]
[Source "ChessBase"]
[SourceDate "2024.10.14"]
[SourceVersion "1"]
[SourceVersionDate "2024.10.14"]
[SourceQuality "1"]

1. e4 c5 2. Nf3 e6 3. d4 cxd4 4. Nxd4 a6 5. Nc3 Qc7 6. Bd3 Nf6 7. f4 d6 8. Qe2 Nbd7 9. g4 Nc5 10. g5 Nxd3+ 11. cxd3 Ng8 12. Be3 Bd7 13. Rc1 Qd8 14. f5 e5 15. Nf3 Rc8 16. 0-0 Bc6 17. d4 f6 18. dxe5 fxe5 19. Nxe5 g6 20. fxg6 Bg7 21. Nf7 Qd7 22. Nxh8 h5 1-0

[Event "Rio de Janeiro op 2nd"]
[Site "Rio de Janeiro"]
[Date "2023.05.02"]
[Round "1"]
[White "Machado, Wallace Fernandes"]
[Black "Mendes Domingues, Ribeiro Matheus"]
[Result "0-1"]
[WhiteElo "1656"]
[BlackElo "2205"]
[PlyCount "42"]
[EventDate "2023.05.02"]
[EventType "swiss"]
[EventRounds "9"]
[EventCountry "BRA"]
[SourceTitle "CBM 214 Extra"]
[Source "ChessBase"]
[SourceDate "2023.07.31"]
[SourceVersion "1"]
[SourceVersionDate "2023.07.31"]
[SourceQuality "1"]

1. e4 c5 2. Nf3 e6 3. d4 cxd4 4. Nxd4 Nf6 5. Bd3 Nc6 6. Nxc6 bxc6 7. 0-0 d5 8. exd5 cxd5 9. Re1 Bd6 10. Nd2 0-0 11. Nf3 h6 12. b3 Ne4 13. Bb2 f5 14. g3 Bc5 15. Bd4 Bxd4 16. Nxd4 Qb6 17. Bxe4 fxe4 18. Qd2 e5 19. Ne2 Qxf2+ 20. Kh1 Qf3+ 21. Kg1 e3 0-1

[Event "Rio de Janeiro Duchamp op 4th"]
[Site "Rio de Janeiro"]
[Date "2022.12.09"]
[Round "3"]
[White "Okamura, Milton Kasuo"]
[Black "Machado, Wallace Fernandes"]
[Result "1-0"]
[WhiteElo "1964"]
[BlackElo "1669"]
[PlyCount "83"]
[EventDate "2022.12.07"]
[EventType "swiss"]
[EventRounds "9"]
[EventCountry "BRA"]
[SourceTitle "CBM 211 Extra"]
[Source "ChessBase"]
[SourceDate "2023.01.31"]
[SourceVersion "1"]
[SourceVersionDate "2023.01.31"]
[SourceQuality "1"]

1. d4 d5 2. c4 c6 3. Nf3 Nf6 4. Nc3 dxc4 5. a4 Bf5 6. e3 Nbd7 7. Bxc4 e6 8. 0-0 Be7 9. Qe2 Nb6 10. Bb3 h6 11. e4 Bg6 12. h3 0-0 13. Bf4 Re8 14. Rfd1 Bb4 15. Bc2 Rc8 16. Ne5 Bh7 17. a5 Na8 18. Nc4 Nc7 19. Ra4 Bf8 20. Ne5 Na6 21. g4 Nd7 22. Nc4 Ndb8 23. Bg3 g5 24. Qf3 f6 25. Bb3 Kg7 26. Kg2 Nc7 27. h4 Nb5 28. Ne2 Nd6 29. Nxd6 Bxd6 30. hxg5 hxg5 31. Qe3 Qd7 32. e5 Be7 33. exf6+ Bxf6 34. Be5 Qf7 35. Qxg5+ Bg6 36. Nf4 Bxe5 37. dxe5 Re7 38. Bc2 Rd7 39. Rad4 Rcd8 40. Rxd7 Rxd7 41. Rxd7 Nxd7 42. Bxg6 1-0

[Event "Cinelandia de Andrade Memorial 4th"]
[Site "Cinelandia"]
[Date "2022.08.07"]
[Round "4"]
[White "Machado, Wallace Fernandes"]
[Black "De Sa, Sidney Loyola"]
[Result "0-1"]
[WhiteElo "1676"]
[BlackElo "1832"]
[PlyCount "80"]
[EventDate "2022.08.05"]
[EventType "swiss"]
[EventRounds "5"]
[EventCountry "BRA"]
[SourceTitle "CBM 209 Extra"]
[Source "ChessBase"]
[SourceDate "2022.09.30"]
[SourceVersion "1"]
[SourceVersionDate "2022.09.30"]
[SourceQuality "1"]

1. e4 c5 2. Nf3 Nc6 3. d4 cxd4 4. Nxd4 Nf6 5. Nc3 e5 6. Ndb5 d6 7. a4 a6 8. Na3 Be7 9. Be2 0-0 10. h3 Be6 11. 0-0 d5 12. exd5 Nxd5 13. Nxd5 Bxd5 14. Be3 Rb8 15. c4 Be6 16. Qc1 Nd4 17. Bd1 f5 18. f3 f4 19. Bf2 Rc8 20. b3 Bc5 21. Re1 Qg5 22. g4 Nxf3+ 23. Bxf3 Qh4 24. Bxc5 Qg3+ 25. Bg2 f3 26. Ra2 Rxc5 27. Qe3 Rc7 28. Rf1 f2+ 29. Qxf2 Rxf2 30. Raxf2 Rf7 31. Nc2 Rxf2 32. Rxf2 Qxb3 33. c5 Bd5 34. Bxd5+ Qxd5 35. Ne3 Qxc5 36. Nf5 g6 37. Nh6+ Kg7 38. g5 Qc1+ 39. Kh2 Qxg5 40. Nf7 Qe7 0-1

[Event "Cinelandia de Andrade Memorial 4th"]
[Site "Cinelandia"]
[Date "2022.08.06"]
[Round "3"]
[White "Costa, Enzo De Araujo Foll"]
[Black "Machado, Wallace Fernandes"]
[Result "0-1"]
[WhiteElo "1788"]
[BlackElo "1676"]
[PlyCount "78"]
[EventDate "2022.08.05"]
[EventType "swiss"]
[EventRounds "5"]
[EventCountry "BRA"]
[SourceTitle "CBM 209 Extra"]
[Source "ChessBase"]
[SourceDate "2022.09.30"]
[SourceVersion "1"]
[SourceVersionDate "2022.09.30"]
[SourceQuality "1"]

1. e4 c5 2. Nf3 e6 3. d4 cxd4 4. Nxd4 a6 5. Bd3 Qc7 6. 0-0 Nf6 7. Nd2 Be7 8. N2f3 d6 9. b3 Bd7 10. Bb2 Nc6 11. a3 b5 12. Rc1 Qb6 13. Qd2 h6 14. h3 Rc8 15. Rfe1 e5 16. Ne2 Be6 17. g4 g5 18. Ng3 Qa7 19. c4 Qb6 20. Qe2 b4 21. Nf5 Bxf5 22. exf5 bxa3 23. c5 Qxb3 24. Bxe5 dxe5 25. Nxe5 Qb2 26. Nxc6 Qxe2 27. Rxe2 Rxc6 28. Rce1 Rc7 29. Bxa6 Ra7 30. Bc4 h5 31. f3 hxg4 32. fxg4 Rxh3 33. c6 Rg3+ 34. Kh2 Rxg4 35. Rb1 Kf8 36. Rb7 Rxb7 37. cxb7 Bd6+ 38. Kh3 Rxc4 39. Rd2 Rh4+ 0-1

[Event "Cinelandia de Andrade Memorial 4th"]
[Site "Cinelandia"]
[Date "2022.08.06"]
[Round "2"]
[White "Machado, Wallace Fernandes"]
[Black "Petrocelli, Raphael Johas"]
[Result "1-0"]
[WhiteElo "1676"]
[BlackElo "1774"]
[PlyCount "135"]
[EventDate "2022.08.05"]
[EventType "swiss"]
[EventRounds "5"]
[EventCountry "BRA"]
[SourceTitle "CBM 209 Extra"]
[Source "ChessBase"]
[SourceDate "2022.09.30"]
[SourceVersion "1"]
[SourceVersionDate "2022.09.30"]
[SourceQuality "1"]

1. c4 Nf6 2. Nf3 e6 3. Nc3 Be7 4. e4 d6 5. d4 Nbd7 6. Be2 b6 7. 0-0 Bb7 8. Qc2 0-0 9. b3 Re8 10. Bb2 Nf8 11. Rad1 d5 12. cxd5 exd5 13. e5 N6d7 14. Rc1 Rc8 15. Qf5 g6 16. Qg4 Ne6 17. Rc2 c5 18. Ba3 cxd4 19. Bxe7 Qxe7 20. Nxd4 Nxd4 21. Qxd4 Qxe5 22. Qxe5 Rxe5 23. Bb5 Nf6 24. Bd3 Ne4 25. Re1 f6 26. Nxe4 Rxc2 27. Bxc2 dxe4 28. Rd1 Re7 29. Kf1 Ba6+ 30. Ke1 Kf7 31. b4 Bc4 32. a3 f5 33. Rd4 b5 34. a4 e3 35. f4 a6 36. axb5 axb5 37. g3 Ke6 38. Bd3 Rc7 39. Ke2 Bxd3+ 40. Kxd3 e2 41. Kd2 Rd7 42. Rxd7 e1Q+ 43. Kxe1 Kxd7 44. Kd2 Kd6 45. Kd3 Kd5 46. h3 h6 47. g4 fxg4 48. hxg4 h5 49. f5 gxf5 50. gxh5 Ke5 51. Ke3 f4+ 52. Kf3 Kf5 53. h6 Kg6 54. h7 Kxh7 55. Kxf4 Kg6 56. Ke5 Kf7 57. Kd6 Ke8 58. Kc7 Ke7 59. Kc6 Kd8 60. Kxb5 Kc7 61. Kc5 Kb7 62. b5 Kc7 63. Kc4 Kb6 64. Kb4 Kc7 65. Ka5 Kb7 66. b6 Ka8 67. Ka6 Kb8 68. b7 1-0

[Event "Rio de Janeiro Cortinhas Memorial 4th"]
[Site "Rio de Janeiro"]
[Date "2022.03.12"]
[Round "2"]
[White "Machado, Wallace Fernandes"]
[Black "Alves, Alex Freire Lima"]
[Result "1-0"]
[WhiteElo "1691"]
[BlackElo "1800"]
[PlyCount "41"]
[EventDate "2022.03.12"]
[EventType "swiss"]
[EventRounds "6"]
[EventCountry "BRA"]
[SourceTitle "CBM 207 Extra"]
[Source "ChessBase"]
[SourceDate "2022.05.31"]
[SourceVersion "1"]
[SourceVersionDate "2022.05.31"]
[SourceQuality "1"]

1. e4 e5 2. Nf3 Nc6 3. Bb5 a6 4. Ba4 b5 5. Bb3 Nf6 6. d4 exd4 7. e5 Ng4 8. h3 Ngxe5 9. Nxe5 Bd6 10. Bxf7+ Kf8 11. Nxc6 dxc6 12. Bh5 g6 13. Bh6+ Kg8 14. Be2 Bf8 15. Bf4 Be6 16. 0-0 Bd6 17. Qxd4 c5 18. Qd2 Kg7 19. Re1 Re8 20. Bh6+ Kh8 21. Qc3+ 1-0

[Event "Rio de Janeiro Estadual-ch"]
[Site "Rio de Janeiro"]
[Date "2019.10.05"]
[Round "5"]
[White "Machado, Wallace Fernandes"]
[Black "Campos, Alexandre Ferreira"]
[Result "0-1"]
[WhiteElo "1668"]
[BlackElo "2060"]
[PlyCount "102"]
[EventDate "2019.09.28"]
[EventType "swiss"]
[EventRounds "6"]
[EventCountry "BRA"]
[SourceTitle "EXT 2020"]
[Source "ChessBase"]
[SourceDate "2019.10.17"]
[SourceVersion "1"]
[SourceVersionDate "2019.10.17"]
[SourceQuality "1"]

1. e4 c5 2. Nf3 Nc6 3. d4 cxd4 4. Nxd4 Nf6 5. Nc3 e5 6. Nb3 Bb4 7. Bd3 d5 8. Bd2 0-0 9. 0-0 Bxc3 10. Bxc3 dxe4 11. Be2 Qb6 12. Qd2 h6 13. a4 Rd8 14. Qc1 Nd4 15. Bd1 a5 16. h3 Be6 17. Re1 Bxb3 18. cxb3 Rac8 19. Qe3 Qc7 20. Rc1 b6 21. Qg3 Qd6 22. Qe3 Ne6 23. Bc2 Nc5 24. Rcd1 Qe6 25. Rxd8+ Rxd8 26. Qg3 Re8 27. b4 axb4 28. Bxb4 Qc4 29. Qc3 Qd5 30. a5 bxa5 31. Bxa5 Nd3 32. Rd1 Qa2 33. Bxd3 exd3 34. Rxd3 Ne4 35. Qe1 f5 36. b4 Qc4 37. Rd7 Kh7 38. Rc7 Qd4 39. Rc2 f4 40. Qe2 Rf8 41. Rc4 Qa1+ 42. Kh2 Ng5 43. h4 Ne6 44. Qd3+ Kh8 45. Qg6 Rf6 46. Rc8+ Nf8 47. Qe4 f3 48. gxf3 Qf1 49. Rc2 Rf4 50. Qa8 Rxh4+ 51. Kg3 Qh3# 0-1

[Event "Rio de Janeiro Cortinhas Memorial 2nd"]
[Site "Rio de Janeiro"]
[Date "2018.05.26"]
[Round "3"]
[White "Machado, Wallace Fernandes"]
[Black "Da Costa, Carlos Henrique Luz"]
[Result "1/2-1/2"]
[WhiteElo "1683"]
[BlackElo "1520"]
[PlyCount "35"]
[EventDate "2018.05.25"]
[EventType "swiss"]
[EventRounds "5"]
[EventCountry "BRA"]
[SourceTitle "CBM 184 Extra"]
[Source "ChessBase"]
[SourceDate "2018.06.28"]
[SourceVersion "1"]
[SourceVersionDate "2018.06.28"]
[SourceQuality "1"]

1. c4 b6 2. Nc3 Bb7 3. e4 d6 4. g3 e5 5. Bg2 g6 6. Nge2 Ne7 7. d4 Nd7 8. 0-0 Bg7 9. dxe5 Nxe5 10. b3 0-0 11. Bf4 Nxc4 12. bxc4 Nc6 13. Rc1 Re8 14. Qc2 Nb4 15. Qb1 Na6 16. Rfd1 Nc5 17. Be3 Ne6 18. c5 1/2-1/2

[Event "Guanabara CC/TTC op 1st"]
[Site "Rio de Janeiro"]
[Date "2018.03.11"]
[Round "5"]
[White "Machado, Wallace Fernandes"]
[Black "Reis, Virginia Lagrange M"]
[Result "0-1"]
[WhiteElo "1692"]
[BlackElo "1743"]
[PlyCount "80"]
[EventDate "2018.03.03"]
[EventType "swiss"]
[EventRounds "6"]
[EventCountry "BRA"]
[SourceTitle "EXT 2019"]
[Source "ChessBase"]
[SourceDate "2018.10.10"]
[SourceVersion "1"]
[SourceVersionDate "2018.10.10"]
[SourceQuality "1"]

1. c4 c5 2. Nf3 Nc6 3. g3 g6 4. Bg2 Bg7 5. d3 Nh6 6. 0-0 0-0 7. Be3 Bxb2 8. Bxh6 Bxa1 9. Bxf8 Qxf8 10. e3 Bg7 11. Nbd2 Rb8 12. Qb1 d6 13. Ng5 Bd7 14. Nb3 a6 15. Rd1 b5 16. cxb5 axb5 17. Qc1 h6 18. Nf3 Qc8 19. Qd2 Qa6 20. d4 c4 21. Nc1 b4 22. Ne2 Bf5 23. Nf4 c3 24. Qe2 Qxe2 25. Nxe2 Na5 26. Nf4 Bc2 27. Rc1 Be4 28. h4 Nc4 29. Ne1 Bxg2 30. Kxg2 Ra8 31. Nd5 Rxa2 32. Nxb4 Rb2 33. Nd5 e6 34. Nxc3 Nxe3+ 35. Kf3 Nf5 36. d5 Nd4+ 37. Ke4 Nb3 38. dxe6 fxe6 39. Na4 Re2+ 40. Kf3 Nxc1 0-1

[Event "Tijuca Tenis Clube op 3rd"]
[Site "Rio de Janeiro"]
[Date "2017.09.23"]
[Round "3"]
[White "Bezerra, Natacio Goncalves"]
[Black "Machado, Wallace Fernandes"]
[Result "1/2-1/2"]
[WhiteElo "1996"]
[BlackElo "1757"]
[PlyCount "111"]
[EventDate "2017.09.21"]
[EventType "swiss"]
[EventRounds "6"]
[EventCountry "BRA"]
[SourceTitle "EXT 2019"]
[Source "ChessBase"]
[SourceDate "2018.10.10"]
[SourceVersion "1"]
[SourceVersionDate "2018.10.10"]
[SourceQuality "1"]

1. e4 c5 2. Nc3 e6 3. g3 a6 4. Bg2 Qc7 5. d3 Nf6 6. f4 d6 7. Nf3 Nbd7 8. 0-0 Be7 9. h3 0-0 10. g4 Rd8 11. Qe1 b5 12. Be3 Nb6 13. Nh4 b4 14. e5 Nfd5 15. Nxd5 Nxd5 16. Bd2 dxe5 17. fxe5 Ra7 18. Nf3 Bd7 19. Ng5 Bxg5 20. Bxg5 Re8 21. Bh4 Bc6 22. Bf2 Ba8 23. Bg3 Nb6 24. Be4 Bxe4 25. Qxe4 Rd8 26. a3 Nd5 27. h4 Qb6 28. Kh2 Rad7 29. a4 a5 30. Rf3 Qc7 31. h5 h6 32. Bh4 Rc8 33. g5 hxg5 34. Bxg5 Ne7 35. Bxe7 Rxe7 36. Rg1 f5 37. Qf4 Rd8 38. c3 Rd5 39. d4 bxc3 40. bxc3 cxd4 41. cxd4 Qc2+ 42. Rg2 Qxa4 43. Qg5 Qd7 44. Rb3 Qc7 45. Rb8+ Rd8 46. Rxd8+ Qxd8 47. h6 Qf8 48. Ra2 Ra7 49. Qg6 Qf7 50. Qxf7+ Rxf7 51. Rxa5 g5 52. d5 exd5 53. Rxd5 Re7 54. e6 Rxe6 55. Rxf5 Rxh6+ 56. Kg3 1/2-1/2

[Event "Tijuca Tenis Clube op 2nd"]
[Site "Rio de Janeiro"]
[Date "2017.07.15"]
[Round "2"]
[White "Rios Filho, Hilton Carlos da Si"]
[Black "Machado, Wallace Fernandes"]
[Result "1-0"]
[WhiteElo "2105"]
[BlackElo "1764"]
[PlyCount "41"]
[EventDate "2017.07.15"]
[EventType "swiss"]
[EventRounds "6"]
[EventCountry "BRA"]
[SourceTitle "EXT 2019"]
[Source "ChessBase"]
[SourceDate "2018.10.10"]
[SourceVersion "1"]
[SourceVersionDate "2018.10.10"]
[SourceQuality "1"]

1. d4 d5 2. c4 c6 3. Nf3 Nf6 4. Qb3 dxc4 5. Qxc4 Bg4 6. Nbd2 e6 7. Qc2 Be7 8. e4 Qc7 9. Bd3 Nbd7 10. a3 h6 11. b4 Bxf3 12. Nxf3 0-0 13. Qe2 Rad8 14. e5 Nd5 15. Qe4 f5 16. exf6 N7xf6 17. Qxe6+ Kh8 18. Ne5 g5 19. h4 Qc8 20. Qxc8 Rxc8 21. hxg5 1-0